Myologie bras/avant bras - Statistiques

Statistiques générales
  • Ce quiz a été pris 12 fois
  • Le résultat moyen est 7 sur 27
Statistiques - réponses
Par images Réponse % Correct
carré pronateur
78%
court extenseur du pouce
56%
anconé
44%
long extenseur du pouce
44%
long palmaire
44%
extenseur propre de l'index
33%
fléchisseur des doigts
33%
fléchisseur radial du carpe
33%
fléchisseur superficiel des doigts
33%
fléchisseur ulnaire du carpe
33%
long abducteur du pouce
33%
rond pronateur
33%
biceps brachiale
22%
extenseur commun des doigts
22%
extenseur propre du petit doigt
22%
extenseur ulnaire du carpe
22%
long extensseur radial du carpe
22%
long fléchisseur du pouce
22%
triceps brachiale
22%
biceps brachiale chef court
11%
biceps brachiale chef long
11%
brachiale antérieur
11%
brachio-radiale
11%
court extensseur radial du carpe
11%
triceps brachiale chef latéral
11%
triceps brachiale chef long
11%
triceps brachiale chef médiale
0%
Aucun quiz correspondant
Distribution des résultats
% des personnes avec chaque résultat
Percentile par nombre de réponses
Votre historique - résultats
Vous n’avez pas pris ce quiz